000 00756nam a2200253 a 4500
001 vtls000939824
003 NLI
005 20210627091120.0
008 111014s1945 ii 000 0 eng
039 9 _y201110142130
_zEntertech_02
040 0 _aNLI
_beng
_cEntertech-2011
_eAACR2
041 0 _aeng
044 _aii
084 _a108.E.553
100 1 _aSarkar, Malini R
_9883633
245 1 0 _aEconomic policy and programme for post-war India :
_bBanaili readership lectures /
_cMalini R. Sarkar
260 _aCalcutta :
_bPatna University,
_c1945
300 _a121 p. ;
_c21 cm.
650 0 _aEconomic policy
_zIndia
_9682336
887 _a
901 _aIMP57918
_b28.08.2010
902 _a108.E.553
999 _aVIRTUA
_c762575
_d762575
942 _2ddc
_cBKS